000 02335nam a22003497a 4500
001 101141
003 KnowledgeUnlatched
005 20210303105250.0
006 m o d
007 cr u||||||||||
008 210129p20112019ne o u00| u eng d
037 _5BiblioBoard
245 0 0 _aCyberpragmatics
_bInternet-mediated Communication In Context /
_cFrancisco Yus.
020 _a9789027256195
029 1 _ahttps://library.biblioboard.com/ext/api/media/56daf966-87a9-43a3-acc1-abc4cdfca3f4/assets/thumbnail.jpg
040 _aScCtBLL
_cScCtBLL
100 1 _aYus, Francisco
_eauthor.
264 1 _bJohn Benjamins Publishing Company,
300 _a1 online resource (371 p.)
506 0 _aAccess copy available to the general public.
_fUnrestricted
_2star
520 _aCyberpragmatics is an analysis of Internet-mediated communication from the perspective of cognitive pragmatics. It addresses a whole range of interactions that can be found on the Net: the web page, chat rooms, instant messaging, social networking sites, 3D virtual worlds, blogs, videoconference, e-mail, Twitter, etc. Of special interest is the role of intentions and the quality of interpretations when these Internet-mediated interactions take place, which is often affected by the textual properties of the medium. The book also analyses the pragmatic implications of transferring offline discourses (e.g. printed paper, advertisements) to the screen-framed space of the Net. And although the main framework is cognitive pragmatics, the book also draws from other theories and models in order to build up a better picture of what really happens when people communicate on the Net.
588 0 _aDescription based on print version record.
590 _aKU Select 2017: Backlist Collection
650 7 _aLanguage Arts & Disciplines / Linguistics / Pragmatics
_2bisacsh
650 0 _aLanguage arts
655 0 _aElectronic books.
758 _iIs found in:
_aKnowledge Unlatched
_1https://openresearchlibrary.org/module/2774bc74-146a-484f-a7ba-ab1d6a09bbfb
856 4 0 _uhttps://openresearchlibrary.org/content/56daf966-87a9-43a3-acc1-abc4cdfca3f4
_zView this content on Open Research Library.
_70
999 _c34018
_d34018